000 00492nam a2200205Ia 4500
005 20250923150323.0
008 008 250917s9999 xx 000 0 eng d
037 _aTextual
040 _aDSWL
_beng
_cDSWL
041 _aeng
_2eng
084 _qDSWL
100 _aAnand, S
_9844655
245 0 _aAnnihilation of Case
_cEd. by S Anand
260 _aDelhi
_bNarayana
_c2013
300 _a415p.
365 _aINR
_b525
925 _g525
942 _cTEXL
999 _c1462128
_d1462128